header

Precalculus : (Record no. 265896)

MARC details
000 -LEADER
fixed length control field 01575cam a2200409 i 4500
001 - CONTROL NUMBER
control field 19988764
003 - CONTROL NUMBER IDENTIFIER
control field OSt
005 - DATE AND TIME OF LATEST TRANSACTION
control field 20260217094618.0
008 - FIXED-LENGTH DATA ELEMENTS--GENERAL INFORMATION
fixed length control field 170912s2019 nyua b 001 0 eng
010 ## - LIBRARY OF CONGRESS CONTROL NUMBER
LC control number 2017042238
020 ## - INTERNATIONAL STANDARD BOOK NUMBER
International Standard Book Number 9780134672090
Qualifying information hbk.
International Standard Book Number 0134672097
Qualifying information hbk.
035 ## - SYSTEM CONTROL NUMBER
System control number 19988764
040 ## - CATALOGING SOURCE
Original cataloging agency DLC
Language of cataloging eng
Transcribing agency DLC
Description conventions rda
Modifying agency DLC
042 ## - AUTHENTICATION CODE
Authentication code pcc
050 00 - LIBRARY OF CONGRESS CALL NUMBER
Classification number QA154.3
Item number .P74 2019
082 00 - DEWEY DECIMAL CLASSIFICATION NUMBER
Classification number 512/.13
Edition number 23
100 1# - MAIN ENTRY--PERSONAL NAME
Personal name Demana, Franklin D.,
Dates associated with a name 1938-
Relator term author.
245 10 - TITLE STATEMENT
Title Precalculus :
Remainder of title graphical, numerical, algebraic /
Statement of responsibility, etc Franklin D. Demana, The Ohio State University, Bert K. Waits, The Ohio State University, Gregory D. Foley, Ohio University, Daniel Kennedy, Baylor School, David E. Bock, Ithaca High School.
250 ## - EDITION STATEMENT
Edition statement Tenth edition.
Remainder of edition statement Annotated Teacher's Edition
264 #1 - PRODUCTION, PUBLICATION, DISTRIBUTION, MANUFACTURE, AND COPYRIGHT NOTICE
Place of production, publication, distribution, manufacture New York, New York :
Name of producer, publisher, distributor, manufacturer Pearson,
Date of production, publication, distribution, manufacture, or copyright notice [2019]
300 ## - PHYSICAL DESCRIPTION
Extent xxiv, 938 pages :
Other physical details illustrations (chiefly color) ;
Dimensions 29 cm
336 ## - CONTENT TYPE
Content type term text
Content type code txt
Source rdacontent
337 ## - MEDIA TYPE
Media type term unmediated
Media type code n
Source rdamedia
338 ## - CARRIER TYPE
Carrier type term volume
Carrier type code nc
Source rdacarrier
504 ## - BIBLIOGRAPHY, ETC. NOTE
Bibliography, etc Includes bibliographical references and index.
650 #0 - SUBJECT ADDED ENTRY--TOPICAL TERM
Topical term or geographic name as entry element Algebra
Form subdivision Textbooks.
Topical term or geographic name as entry element Trigonometry
Form subdivision Textbooks.
Topical term or geographic name as entry element Precalculus
Form subdivision Textbooks.
700 1# - ADDED ENTRY--PERSONAL NAME
Personal name Waits, Bert K.,
Relator term author.
Personal name Foley, Gregory D.,
Relator term author.
Personal name Kennedy, Daniel,
Dates associated with a name 1946-
Relator term author.
Personal name Bock, David E.,
Relator term author.
906 ## - LOCAL DATA ELEMENT F, LDF (RLIN)
a 7
b cbc
c orignew
d 1
e ecip
f 20
g y-gencatlg
942 ## - ADDED ENTRY ELEMENTS (KOHA)
Source of classification or shelving scheme Library of Congress Classification
Koha item type Long Loan Books
Holdings
Withdrawn status Lost status Source of classification or shelving scheme Damaged status Not for loan Collection code Home library Current library Shelving location Date acquired Source of acquisition Total Checkouts Full call number Barcode Date last seen Price effective from Koha item type
    Library of Congress Classification     Non-fiction Rongo University Library Rongo University Library General Stacks 17/02/2026 Books for Africa, Donation   QA154.3 .P74 2019 20261450 17/02/2026 17/02/2026 Long Loan Books

© 2026 Rongo University
Contact us: librarian | system librarian | Rongo university